01031nam a2200181 a 450000100060000000300090000600800410001502000150005604000280007108200160009910000360011524502620015126000420041330000090045550503210046465000320078565000320081720876CO-ViMGA141112s2004 ck r 000 u spa d a9583334561 aCO-ViMGAbspacCO-ViMGA04a323.4 B168p1 aBaquero Nariño, Jose Gregorio10aLos derechos del bien común, Los derechos del bien particular : bEl instrumento constitucional indispensable para el diálogo y el acuerdo en condiciones de igualdad entre los dos grandes intereses de los seres humanos, hasta hoy en permanente conflicto aVillavicencio : bLeón XIII, c2002 a188p aEl legado de Achaguas y piapocos. Los intereses Fundamentales 51 - - La naturaleza dual de los seres humanos según sus intereses Fundamentales 85 - - Consideraciones sobre los intereses fundamentales de los seres humanos 103 - - Petición de los derechos fundamentales del bien común y del bien particular 141 14aDERECHOS CIVILES - COLOMBIA14aDERECHOS HUMANOS - COLOMBIA